书目信息 |
| 题名: |
知识产权信息资源使用指南
|
|
| 作者: | 方曙 , 张娴 , 胡正银 编著 | |
| 分册: | ||
| 出版信息: | 北京 科学出版社 2012.1 |
|
| 页数: | 296页 | |
| 开本: | 24cm | |
| 丛书名: | ||
| 单 册: | ||
| 中图分类: | G254.92 | |
| 科图分类: | ||
| 主题词: | 科技情报--信息检索 | |
| 电子资源: | ||
| ISBN: | 978-7-03-032648-5 | |
| 000 | 00943nam0 2200253 450 | |
| 001 | 351777 | |
| 005 | 20161017111159.05 | |
| 010 | @a978-7-03-032648-5@dCNY65.00 | |
| 100 | @a20120105d2012 em y0chiy50 ea | |
| 101 | 0 | @achi |
| 102 | @aCN@b110000 | |
| 105 | @ay z 000yy | |
| 106 | @ar | |
| 200 | 1 | @a知识产权信息资源使用指南@f方曙,张娴,胡正银编著 |
| 210 | @a北京@c科学出版社@d2012.1 | |
| 215 | @a296页@d24cm | |
| 330 | @a本书介绍了各类重要的知识产权信息资源及其检索利用方法、分析方法,包括专利、软件著作权、集成电路布图设计、植物新品种、重要网络信息资源和重要政策法规信息资源等;总结了知识产权信息资源开发与利用的实践经验;探讨了知识产权信息资源的类型和特点;介绍了国家与组织专利数据库的特点、功能等内容。 | |
| 606 | 0 | @a科技情报@x信息检索 |
| 690 | @aG254.92@v5 | |
| 701 | 0 | @a方曙@4编著 |
| 701 | 0 | @a张娴@c(女)@4编著 |
| 701 | 0 | @a胡正银@f(1979~)@4编著 |
| 801 | 0 | @aCN@bTANGWEI@c20161009 |
| 905 | @b0896465-9@dG254.92@e128@f5 | |
| 知识产权信息资源使用指南/方曙,张娴,胡正银编著.-北京:科学出版社,2012.1 |
| 296页;24cm |
| ISBN 978-7-03-032648-5:CNY65.00 |
| 本书介绍了各类重要的知识产权信息资源及其检索利用方法、分析方法,包括专利、软件著作权、集成电路布图设计、植物新品种、重要网络信息资源和重要政策法规信息资源等;总结了知识产权信息资源开发与利用的实践经验;探讨了知识产权信息资源的类型和特点;介绍了国家与组织专利数据库的特点、功能等内容。 |
| ● |
| 相关链接 |
|
|
|
|
正题名:知识产权信息资源使用指南
索取号:G254.92/128
 
预约/预借
| 序号 | 登录号 | 条形码 | 馆藏地/架位号 | 状态 | 备注 |
| 1 | 0896465 | 208964655 | 第一样本阅览室/ [索取号:G254.92/128] | 在馆 | |
| 2 | 0896466 | 208964664 | 第四借阅区/ [索取号:G254.92/128] | 在馆 | |
| 3 | 0896467 | 208964673 | 第四借阅区/ [索取号:G254.92/128] | 在馆 | |
| 4 | 0896468 | 208964682 | 第四借阅区/ [索取号:G254.92/128] | 在馆 | |
| 5 | 0896469 | 208964691 | 第四借阅区/ [索取号:G254.92/128] | 在馆 |